000
00254 a2200109 4500
001
51286
040
_c
Anchieta - Pituba
240
1
0
_a
BESTE FREUNDE
_l
245
1
0
_a
BESTE FREUNDE
650
4
_a
Línguas germânicas (teutônicas) língua alemã
942
_c
MX
999
_c
51286
_d
51286